Κατάλογος Βιβλιοθηκών Mediterranean College

Ανθρώπινες Σχέσεις στο Εργασιακό Περιβάλλον / Εισαγωγή στη Σύγχρονη Επιχειρησιακή Ψυχολογία (Record no. 4585)

MARC details
000 -LEADER
fixed length control field 02011cam a22001934a 4500
005 - ΗΜΕΡΟΜΗΝΙΑ ΚΑΙ ΩΡΑ ΤΕΛΕΥΤΑΙΑΣ ΕΝΗΜΕΡΩΣΗΣ
Πεδίο ελέγχου 20250605164149.0
008 - FIXED-LENGTH DATA ELEMENTS--GENERAL INFORMATION
Πεδίο ελέγχου σταθερού μήκους 250528s ||||||||||||||||||||||||d
035 ## - SYSTEM CONTROL NUMBER
System control number 19325
020 ## - ISBN
ISBN 9603510920
040 ## - ΠΗΓΗ ΚΑΤΑΛΟΓΟΓΡΑΦΗΣΗΣ
Φορέας πρωτότυπης καταλογογράφησης MC Athens Campus Library
Γλώσσα καταλογογράφησης Ελληνικά, Μοντέρνα (1453-)
Modifying agency MC Athens Campus Library
Κανόνες περιγραφικής καταλογογράφησης AACR2
245 1# - ΤΙΤΛΟΣ ΚΑΙ ΔΗΛΩΣΗ ΥΠΕΥΘΥΝΟΤΗΤΑΣ
Τίτλος Ανθρώπινες Σχέσεις στο Εργασιακό Περιβάλλον / Εισαγωγή στη Σύγχρονη Επιχειρησιακή Ψυχολογία
260 ## - PUBLICATION, DISTRIBUTION, ETC.
Name of publisher, distributor, etc. Σταμούλης Α,
Date of publication, distribution, etc. 1996
300 ## - PHYSICAL DESCRIPTION
Extent 424
520 ## - SUMMARY, ETC.
Summary, etc. Πρόλογος, Ανθρώπινες Σχέσεις, Ιστορική Ανασκόπηση των Μελετών για τις Ανθρώπινες Σχέσεις, Ο Ψυχικός Βίος και η Διερεύνηση της Προσωπικότητας, Κοινωνικά Συστήματα, Κοινωνικό Περιβάλλον, Η Εργασία και ο Ρόλος της στο Πλαίσιο των Ανθ8ρώπινων Σχέσεων, Ικανοποίηση του Προσωπικού από την Εργασία, Δημιουργία Ενδοεπιχειρηματικού Κλίματος Συμπεριφοράς, Η Ηγεσία και ο Ρόλος της στην Ανάπτυξη των Ανθρώπινων Σχέσεων, Υπολίνηση και Συμπεριφορά (Motivation and Behaviour), Κίνητρα Συμπεριφοράς, Ηθικό και Παραγωγικότητα, Εργασιακές Ομάδες, Συμμετοχή του Προσωπικού στη Λήψη των Αποφάσεων, Χειρισμός των Ανθρώπινων Προβλημάτων στο Πλαίσιο της Εργασίας, Οργανωτικές Αλλαγές και οι Επιδράσεις τους στο Προσωπικό, Η Εποπτεία ως Συντελεστής των Ανθρώπινων Σχέσων, Καθοδήγηση Υφιστάμενων.
700 1# - ΠΡΟΣΘΕΤΗ ΑΝΑΓΡΑΦΗ--ΦΥΣΙΚΟ ΠΡΟΣΩΠΟ
Personal name Φαναριώτης Π
9 (RLIN) 5568
942 ## - ADDED ENTRY ELEMENTS (KOHA)
Koha item type Books
Holdings
Τύπος τεκμηρίου Βιβλιοθήκη Τρέχουσα τοποθεσία Barcode Αριθμός εισαγωγής Ημερομηνία απόκτησης Ταξιθετικό σύμβολο Αριθμός αντιτύπου Κατάσταση απόσυρσης Κατάσταση χαμένου Κατάσταση κατεστραμμένου Μη δανεισμός Σύνολο δανεισμών Ημερομηνία τελευταίας εμφάνισης Η τιμή ισχύει από
Books MC Athens Campus Library MC Athens Campus Library 9780000045843 5347 05/06/2025 331 FAN 1           05/06/2025 05/06/2025

MC Athens Campus Library
Πατησίων 94 & Κοδριγκτώνος 13, 104 34
Πελλήνης 8 & Πατησίων 107, 112 51
Τ: +30 210 8899600

MC Thessaloniki Campus Library
Ίωνος Δραγούμη 21, 54625 | Ίωνος Δραγούμη 15, 54625
Τ: +30 2310 287779 – Τ: +30 2314 440300